Escritos.

Saved in:
Bibliografiske detaljer
Hovedforfatter: Lacan, Jacques-Marie Émile (autor)
Andre forfattere: Segovia, Tomás (traductor)
Format: Bog
Sprog:spansk
Udgivet: Buenos Aires, Argentina: Siglo XXI Editores, 2008
Udgivelse:2ª edición Argentina, revisada.
Serier:Biblioteca Clásica de Siglo Veintiuno.
Fag:
Tags: Tilføj Tag
Ingen Tags, Vær først til at tagge denne postø!

MARC

LEADER 00000cam a2200000 a 4500
001 UCF2793
003 CL-VaPUC
005 20230731114608.0
008 120910e20080000AG |||||||||||||||||spa|d
999 |c 349332  |d 349330 
020 |a 9789876290029o.c 
020 |a 9789876290036v.1 
020 |a 9789876290043v.2 
040 |c Pontificia Universidad Católica de Valparaíso 
082 0 4 |a 150.195 LAC 2008  |2 21 
100 |a Lacan, Jacques-Marie Émile  |e autor  |9 575715 
245 1 0 |a Escritos. 
250 |a 2ª edición Argentina, revisada. 
260 |a Buenos Aires, Argentina:   |b Siglo XXI Editores,   |c 2008 
300 |a 2 volumenes. 
490 |a Biblioteca Clásica de Siglo Veintiuno. 
583 |a last modification  |c 20120910 11:39:00  |k Rodrigo Vera 
650 0 |a Psicoanálisis   |9 265702 
700 |a Segovia, Tomás   |e traductor  |9 378249 
942 |c BK  |2 ddc 
945 |d 20120910 00:00:00  |a dcastane 
952 |0 0  |1 0  |4 0  |6 150_195000000000000_LAC_2008  |7 0  |8 R  |9 451916  |a BIBEDU  |b BIBEDU  |c MCIRC  |d 2019-11-22  |h v.1  |i 4900839  |l 3  |o 150.195 LAC 2008  |p 4900839  |r 2025-03-19  |s 2025-03-17  |w 2019-11-22  |y BK_R  |k PSI 
952 |0 0  |1 0  |4 0  |6 150_195000000000000_LAC_2008  |7 0  |8 R  |9 451917  |a BIBEDU  |b BIBEDU  |c MCIRC  |d 2019-11-22  |h v.1  |i 4900847  |l 3  |o 150.195 LAC 2008  |p 4900847  |r 2025-03-20  |s 2025-03-18  |w 2019-11-22  |y BK_R  |k PSI 
952 |0 0  |1 0  |4 0  |6 150_195000000000000_LAC_2008  |7 0  |8 R  |9 451918  |a BIBEDU  |b BIBEDU  |c MCIRC  |d 2019-11-22  |h v.2  |i 4900855  |l 5  |m 2  |o 150.195 LAC 2008  |p 4900855  |r 2024-10-16  |s 2024-10-16  |w 2019-11-22  |y BK_R  |k PSI 
952 |0 0  |1 0  |4 0  |6 150_195000000000000_LAC_2008  |7 0  |8 R  |9 451919  |a BIBEDU  |b BIBEDU  |c MCIRC  |d 2019-11-22  |h v.2  |i 4900863  |o 150.195 LAC 2008  |p 4900863  |r 2023-01-13  |w 2019-11-22  |y BK_R  |k PSI 
952 |0 0  |1 0  |2 ddc  |4 0  |6 150_195000000000000_LAC_2008  |7 0  |8 A  |9 583756  |a BIBART  |b BIBART  |d 2022-06-15  |e 135  |g 28200.00  |h v.1  |i 5651881  |o 150.195 LAC 2008  |p 5651881  |r 2025-03-13  |t 3  |v 28200.00  |w 2022-06-15  |y BK  |k ART 
952 |0 0  |1 0  |2 ddc  |4 0  |6 150_195000000000000_LAC_2008  |7 0  |8 A  |9 583757  |a BIBART  |b BIBART  |d 2022-06-15  |e 135  |g 25100.00  |h v.2  |i 5651882  |o 150.195 LAC 2008  |p 5651882  |r 2025-03-13  |t 3  |v 25100.00  |w 2022-06-15  |y BK  |k ART